Szczegóły MARC21

Metafory w naszym życiu /

003 -Nazwa inst., której nr kontr. jest w polu 001 [,]
    • @
    • Nazwa instytucji, której n kontrolny jest w polu 001
    • NUKAT
005 -DATA I CZAS OSTATNIEJ MODYFIKACJI [,]
    • @
    • pole kontrolne
    • 20241231093416.0
020 -Międzynarod. znormalizowany nr książki - ISBN [ , ]
    • a
    • Numer ISBN
    • 830601636X Find
040 -Instytucja sporządzająca opis [ , ]
    • a
    • Instytucja, która sporządziła opis (NP)
    • KR 119/MD
    • c
    • Instytucja, która sporządziła rekord (NP)
    • KR 119/MD
    • d
    • Instytucja, która zmodyfikowała rekord (P)
    • KR 119/RS
    • d
    • Instytucja, która zmodyfikowała rekord (P)
    • POZN U/JŁs
    • d
    • Instytucja, która zmodyfikowała rekord (P)
    • KR U/42JCs
041 -Język dokumentu [1, ]
    • a
    • Język tekstu (P)
    • polski
    • h
    • Język tekstu oryginalnego i/lub pośredniego (P)
    • angielski
942 -Rodzaj dokumentu [ , ]
    • c
    • Rodzaj dokumentu
    • Książka
100 -Hasło główne - nazwa osobowa [1, ]
    • a
    • Nazwa osobowa (NP)
    • Lakoff, George
    • d
    • Daty biograficzne (NP)
    • (1941- ).
    • 9
    • KHW
    • 241972
240 -Tytuł ujednolicony [1,0]
    • a
    • Tytuł ujednolicony
    • Metaphors we live by
    • l
    • Język tekstu
    • (pol.)
    • 9
    • KHW
    • 490353
245 -Strefa tytułu i oznaczenia odpowiedzialności [1,0]
    • a
    • Tytuł
    • Metafory w naszym życiu / Find
    • c
    • Pozostałe elementy strefy tytułu i oznaczenia odpowiedzialności (NP)
    • George Lakoff, Mark Johnson ; przeł. i wstępem opatrzył Tomasz P. Krzeszowski.
260 -Strefa adresu wydawniczego [ , ]
    • a
    • Miejsce wydania (P)
    • Warszawa :
    • b
    • Nazwa wydawcy (P)
    • Państwowy Instytut Wydawniczy,
    • c
    • Data wydania (P)
    • 1988.
300 -Strefa opisu fizycznego [ , ]
    • a
    • Określenie formy książki i/lub objętość (NP)
    • 269, [3] s. ;
    • c
    • Format (NP)
    • 20 cm.
336 -Typ zawartości [ , ]
    • a
    • Termin opisujący typ zawartości
    • Tekst
    • b
    • Kod określający zawartość
    • txt
    • 2
    • Źródło (terminu i kodu)
    • rdacontent
337 -Typ mediów [ , ]
    • a
    • Tryb odtwarzania
    • Bez urządzenia pośredniczącego
    • b
    • Kod typu mediów
    • n
    • 2
    • Źródło (terminu i kodu)
    • rdamedia
338 -Typ/rodzaj nośnika [ , ]
    • a
    • Hasło opisujące typ nośnika
    • Wolumin
    • b
    • Kod typu nośnika
    • nc
    • 2
    • Źródło (terminu i kodu)
    • rdacarrier
490 -Strefa serii i książki wielotomowej - forma nie do wyszukiwania [1, ]
    • a
    • Tytuł (P)
    • Biblioteka Myśli Współczesnej Find
830 -Hasło dodatkowe serii i opisu książki wielotomowej - tytuł ujednolicony/tytuł [ ,0]
    • a
    • Tytuł ujednolicony/tytuł (NP)
    • Biblioteka Myśli Współczesnej.
    • p
    • Nazwa części/podserii/sekcji (P)
    • Plus Minus Nieskończoność
    • 9
    • KHW
    • 9027
500 -Uwaga ogólna [ , ]
    • a
    • Uwaga ogólna (NP)
    • Tzw. seria Plus Minus Nieskończoność.
504 -Uwaga dot. bibliogr. załącznikowej [ , ]
    • a
    • Uwaga dot. bibliografii załącznikowej
    • Bibliogr. s. 267-268.
650 -Hasło przedmiotowe [ ,7]
    • a
    • Hasło przedmiotowe
    • Filozofia języka.
    • 2
    • Źródło terminu
    • kaba
    • 9
    • KHW
    • 108754
650 -Hasło przedmiotowe [ ,7]
    • a
    • Hasło przedmiotowe
    • Metafora.
    • 2
    • Źródło terminu
    • kaba
    • 9
    • KHW
    • 119003
650 -Hasło przedmiotowe [ ,7]
    • a
    • Hasło przedmiotowe
    • Pojęcie.
    • 2
    • Źródło terminu
    • kaba
    • 9
    • KHW
    • 124513
650 -Hasło przedmiotowe [ ,7]
    • a
    • Hasło przedmiotowe
    • Prawda.
    • 2
    • Źródło terminu
    • kaba
    • 9
    • KHW
    • 125664
700 -Hasło dodatkowe - nazwa osobowa [1, ]
    • a
    • Nazwa osobowa (NP)
    • Johnson, Mark Find
    • d
    • Daty biograficzne (NP)
    • (1949- ).
    • 9
    • KHW
    • 490351
700 -Hasło dodatkowe - nazwa osobowa [1, ]
    • a
    • Nazwa osobowa (NP)
    • Krzeszowski, Tomasz Find
    • d
    • Daty biograficzne (NP)
    • (1939- ).
    • e
    • Określenie rodzaju współpracy
    • Tł.
    • 9
    • KHW
    • 48315
710 -Hasło dodatkowe - nazwa ciała zbiorowego [2, ]
    • a
    • Nazwa ciała zbiorowego lub nazwa geograficzna jako pierwszy element (NP)
    • Państwowy Instytut Wydawniczy.
    • 4
    • Kod relacji
    • pbl
    • 9
    • KHW
    • 51410
920 -ISBN [ , ]
    • a
    • ISBN
    • 83-06-01636-X Find
Sygnatura Data inwentaryzacji Lokalizacja Uwagi nie widoczne w OPAC Status udost. Numer inwentarzowy
Z.73032 BGprzepisany1Z.73032
W.158111 BGprzepisany-2W.158111
W.158111 BGprzepisany-2W.158112
 2011-02-04BM 1P.22538
 2019-05-10BM 1Q.1323
POL.Językoznawstwo kognitywne 07 BMprzepisany1P.7931
  BNSprzepisany1Pd.3564
 2007-09-26BNS 1H.16530
  BNSprzepisany-3F.20410
  Gprzepisany-6G.4263